000 01199nam0a2200313 4500
001 RU\NLR\bibl\51831
005 20260409064121.0
010 _a5-86894-066-0
_93000
021 _aRU
_b99-26212
_91274
035 _a(NLR Aleph) 000050554
090 _a270532
_c270532
100 _a19991008d1999 |||y0rusy50 ca
101 0 _arus
102 _aRU
105 _ay |||||||||
200 1 _aВодный кодекс Российской Федерации
210 _aМ.
_cОсь-89
_d1999
215 _a79 с.
_d20
604 _171001$aРоссийская Федерация
_150011$aВодный кодекс$2nlr_sh1$3RU\NLR\AUTH\661263600
_aРоссийская Федерация
_tВодный кодекс
_92087437
_3RU\NLR\AUTH\661263600
606 0 _aВодный кодекс
_yРоссийская Федерация
_92087436
_3RU\NLR\auth\661263599
686 _aХ625.8-324.9(2Р)
740 1 _aРоссийская Федерация
_tЗаконы
_iВодный кодекс
_3RU\NLR\AUTH\880379501
_9425399
801 0 _aRU
_bNLR
_c19991008
_gPSBO
801 1 _aRU
_bNLR
_c19991008
852 _aNLR
_j99-4/6515
942 _cBOOK
980 _aNB